QUIZ - QCM : Dates des Grandes Inventions - Statistiques

Statistiques générales
  • Ce quiz a été pris 160 fois
  • Le résultat moyen est 6 sur 15
Statistiques - réponses
Question Réponse % Correct
Débuts de l'écriture -3400
77%
Théorème de Pythagore -548
63%
Première publication de l'Encyclopédie 1751
60%
Invention de l'ampoule électrique 1879
47%
Invention du saxophone 1846
43%
Apparition de l'agriculture -9500
43%
Invention de la lunette astronomique 1609
40%
Invention de l'allumette à friction 1827
40%
Invention de la brosse à dents 1498
27%
Invention du téléphone mobile 1973
27%
Invention de la pile voltaïque 1800
23%
Invention de l'arbalète -400
23%
Invention de la clef -2000
20%
Construction de la première automobile 1769
10%
Invention du parchemin -200
7%
Aucun quiz correspondant
Distribution des résultats
% des personnes avec chaque résultat
Percentile par nombre de réponses
Votre historique - résultats
Vous n’avez pas pris ce quiz